| 000 | 00439 a2200145 4500 | ||
|---|---|---|---|
| 999 |
_c5064 _d5064 |
||
| 020 | _a9781444146509 | ||
| 050 | _aQA 276 GOL 2012 | ||
| 100 |
_aGoldie, Sophie _eauthor |
||
| 245 |
_aStatistics : _cSophie Goldie _bCambridge International AS and A Level Mathematics / |
||
| 264 |
_aLondon : _bHodder Education _c2012 |
||
| 300 |
_aviii, 343p. _bill. (col) |
||
| 500 | _aIncludes index | ||
| 650 | _aStatistics | ||
| 942 |
_2lcc _cBK _h276 _iGOL _kQA |
||